Detalles MARC
| 000 -CABECERA |
| Longitud fija campo de control |
01616nam a2200337Ia 4500 |
| 005 - • FECHA Y HORA DE LA ÚLTIMA TRANSACCIÓN |
| Fecha y hora de la última transacción |
20220317000220.0 |
| 008 - • CÓDIGOS DE INFORMACIÓN DE LONGITUD FIJA |
| Códigos de información de longitud fija |
171019b2009 ck a|||g |||| 00| 0 spa |
| 020 ## - • NÚMERO INTERNACIONAL NORMALIZADO PARA LIBROS |
| Número Internacional Normalizado para Libros (ISBN) |
9789589886359 |
| 041 ## - • CÓDIGO DE LENGUA |
| Código de lengua del texto/banda sonora o título independiente |
spa |
| 082 04 - • NÚMERO DE LA CLASIFICACIÓN DECIMAL DEWEY |
| Número de clasificación (R) |
629.287 |
| Número del ítem |
D87p |
| 040 ## - FUENTE DE LA CATALOGACIÓN |
| Centro catalogador de origen |
CO-BoRNBP |
| Lengua de catalogación |
spa |
| Normas de descripción |
rda |
| Centro transcriptor |
CO-BoRNBP |
| 100 1# - • PUNTO DE ACCESO PRINCIPAL-NOMBRE DE PERSONA |
| Nombre de persona |
Durán Naranjo, Jaime |
| 245 10 - • TITULO PROPIAMENTE DICHO |
| Título |
Práctico en mecánica automotriz |
| Mención de responsabilidad, etc. |
dirección editorial Jaime Durán Naranjo, Eduardo Durán Naranjo ; ilustración Eduardo Durán Naranjo, Jonathan Durán Naranjo |
| 250 ## - • MENCIÓN DE EDICIÓN |
| Mención de edición |
1a. edición |
| 264 ## - PRODUCCIÓN, PUBLICACIÓN , DISTRIBUCIÓN, FABRICACIÓN Y COPYRIGHT |
| Lugar de producción, publicación, distribución, fabricación |
[Bogotá] |
| Nombre del productor, editor, distribuidor, fabricante |
Durán |
| Fecha de de producción, publicación, distribución, fabricación o copyright |
[2009] |
| 300 ## - • DESCRIPCIÓN FÍSICA |
| Extensión |
199 páginas |
| Otras características físicas |
ilustraciones a blanco y negro |
| Dimensiones |
23 cm |
| 336 ## - TIPO DE CONTENIDO |
| Término de tipo de contenido |
texto |
| Código de tipo de contenido |
txt |
| Fuente |
rdacontent |
| 337 ## - TIPO DE MEDIO |
| Nombre del tipo de medio |
sin mediación |
| Código del tipo de medio |
n |
| Fuente |
rdamedia |
| 338 ## - TIPO DE SOPORTE |
| Nombre del tipo de soporte |
volumen |
| Código del tipo de soporte |
nc |
| Fuente |
rdacarrier |
| 490 ## - • MENCIÓN DE SERIE |
| Mención de serie |
TOP Temas de orientación profesional |
| 504 ## - • NOTA DE BIBLIOGRAFÍA, ETC |
| Nota de bibliografía, etc. |
Incluye bibliografía |
| 505 ## - • NOTA DE CONTENIDO CON FORMATO |
| Nota de contenido con formato |
Introducción -- Generalidades -- Turbo de la marca Gattet --Pintura -- Color -- El motor diesel -- El motor -- Sistema de combustible -- Convertidor de torsión -- Motor HCCI -- Tipos de sensores -- Motor de inyección directa -- Mitsubishi -- Sistema de encendido computarizado chrysler -- Diagnóstico y prueba -- Sistemas de inyección diesel, bosch -- Bomba en línea tipo PE para 4 cilindros |
| 650 14 - • PUNTO DE ACCESO ADICIONAL DE MATERIA - TÉRMINO DE MATERIA |
| Fuente del encabezamiento o término |
LEMB |
| Término de materia o nombre geográfico como elemento inicial |
Automóviles |
| Subdivisión de materia general |
Mantenimiento y reparación |
| 650 14 - • PUNTO DE ACCESO ADICIONAL DE MATERIA - TÉRMINO DE MATERIA |
| Fuente del encabezamiento o término |
LEMB |
| Término de materia o nombre geográfico como elemento inicial |
Mecánica automotriz |
| Subdivisión de materia general |
Enseñanza |
| 650 14 - • PUNTO DE ACCESO ADICIONAL DE MATERIA - TÉRMINO DE MATERIA |
| Fuente del encabezamiento o término |
LEMB |
| Término de materia o nombre geográfico como elemento inicial |
Motores (Mecánica) |
| 650 14 - • PUNTO DE ACCESO ADICIONAL DE MATERIA - TÉRMINO DE MATERIA |
| Fuente del encabezamiento o término |
LEMB |
| Término de materia o nombre geográfico como elemento inicial |
Motores Diesel |
| 650 14 - • PUNTO DE ACCESO ADICIONAL DE MATERIA - TÉRMINO DE MATERIA |
| Fuente del encabezamiento o término |
LEMB |
| Término de materia o nombre geográfico como elemento inicial |
Mecánica automotriz |
| 700 1# - • PUNTO DE ACCESO ADICIONAL - NOMBRE DE PERSONA |
| Nombre de persona |
Durán Naranjo, Eduardo |
| 700 1# - • PUNTO DE ACCESO ADICIONAL - NOMBRE DE PERSONA |
| Nombre de persona |
Durán Naranjo, Jonathan |
| 942 ## - ENTRADA DE ELEMENTOS AGREGADOS (KOHA) |
| Fuente de clasificaión o esquema |
Dewey Decimal Classification |
| Koha [por defecto] tipo de item |
LIbro |